01327nam a2200241Ia 4500001001100000003001000011008004100021040002500062041001300087100002900100245004800129250001100177260009200188300002700280500021300307501011400520520021300634650002100847942000700868957000600875999004200881952016200923L261-18323IT-CnALBA170116s9999||||xx |||||||||||||| ||und|| aIT-CnALBAcIT-CnALBA aITALIANO aCASTELLI FERDINANDO, SJ. 0aVOLTI DI GESÙ NELLA LETTERATURA MODERNA.  a1a ed. aCINISELLO BALSAMO (MI)bEDIZIONI PAOLINEc1987 [1° Ed.:1987 - Ed.Ling.Originale: 1987] a575 p. (prefazione: 5) aINTRODUZIONE DI ITALO ALIGHIERO CUSANO. DOSTOEVSKIJ. CRISTO, EPIFANIA DI DIO. MIGUEL DE UNAMUNO. G. BERNANOS. ANDRÈ GIDE. FR. MAURIAC. IGNAZIO SILONE LUIGI SANTUCCI. ELSA MORANTE. G. SAVIANE. M. POMILIO...  aSocietà San Paolo EM - Piazza San Paolo, 14 - 12051 ALBA (CN) (non commercial uses only) ® Copyright 2017 aINTRODUZIONE DI ITALO ALIGHIERO CUSANO. DOSTOEVSKIJ. CRISTO, EPIFANIA DI DIO. MIGUEL DE UNAMUNO. G. BERNANOS. ANDRÈ GIDE. FR. MAURIAC. IGNAZIO SILONE LUIGI SANTUCCI. ELSA MORANTE. G. SAVIANE. M. POMILIO...  aTEOLOGIA SOCIALE cBK 71 a23069bNOg Copie: 1 c277454d277454 0010406L_2611832371aALBAbALBAd2017-01-16l0oL261-18323r2017-01-16 00:00:00w2017-01-16yBKz(data import: 16 gennaio 2017) - By Epidotti, Vaglietti.